Statistics for 道の駅クイズⅡ

Click here to take the quiz!

General Stats

  • This quiz has been taken 3 times
  • The average score is 7 of 13

Answer Stats

説明文回答% Correct
防災機能のある道の駅防災道の駅
100%
日本一小さい道の駅江差
100%
その道の駅❶もてぎ
67%
その道の駅❷川場田園プラザ
67%
その道の駅❸内子フレッシュパークからり
67%
その道の駅❹とみうら
67%
その道の駅❺遠野風の丘
67%
先駆的な道の駅重点「道の駅」
33%
全国で六か所しかない他より逸脱した道の駅全国モデル「道の駅」
33%
その道の駅❻萩しーまーと
33%
その面積(㎡)13㎡
33%
特定テーマ型道の駅の部門❶住民サービス
0%
特定テーマ型道の駅の部門❷地域交通拠点
0%

Score Distribution

Percentile by Number Answered

Percent of People with Each Score

Your Score History

You have not taken this quiz